000 00316nam a22001337a 4500
003 SGT
020 _a9783540753865
082 _a629.892,JEF
100 _aJEFFERIES, MARGARET E.
245 _aROBOTICS AND CONGNITIVE APPROACHES TO SPATIAL
260 _aNEW DELHI
_bSPRINGER
_c2008
300 _a328
942 _2ddc
_cBK
999 _c33342
_d33342